| 000 | 00629nam a2200205Ia 4500 | ||
|---|---|---|---|
| 003 | GCL | ||
| 008 | 140319s9999 xx 000 0 ara d | ||
| 040 |
_aGCL / _cGCL |
||
| 082 | 0 | 4 |
_a257.1 _bع أ |
| 100 | 1 | _aعبدالرحمن عميرة | |
| 245 | 1 | 0 |
_aاثار الاول فى ترتيب الدول / _cعبدالرحمن عميرة |
| 700 | 1 | _aالعباسى , الحسين بن عبدالله | |
| 260 |
_aبيروت : _bدار الجيل ، _c1989 |
||
| 300 | _a423 ص | ||
| 490 | _a | ||
| 650 | 0 | 4 | _aالاسلام |
| 650 | 0 | 4 | _aنظام الحكم |
| 650 | 0 | 4 | _aالاسلام والسياسة |
| 942 |
_2ddc _cBK |
||
| 999 |
_c31937 _d31937 |
||